Consumer understanding and use of the new nutritional label : a pilot study /

Bibliographic Details
Corporate Author: Agricultural and Food Policy Center (Tex.)
Other Authors: Kim, Heaseon
Format: Government Document Book
Language:English
Published: College Station, Tex. : Agricultural and Food Policy Center, Dept. of Agricultural Economics, Texas Agricultural Experiment Station, Texas Agricultural Extension Service, Texas A&M University, [1992]
Series:AFPC policy research report ; 92-2.
Subjects:

MARC

Tag First Indicator Second Indicator Subfields
LEADER 00000cam a2200000 a 4500
001 in00001154635
005 20151001062115.0
008 930204s1992 txu b s000 0 eng d
035 |a (OCoLC)27372063 
035 |9 AGD4958AM 
040 |a IKM  |c IKM  |d TXA  |d UtOrBLW 
049 |a TXAM  |a TXAS [tamu] 
086 |a Z TA225.7 P758r no.92-2  |2 txdocs 
090 |a HF5773.L3  |b C66 1992 
245 0 0 |a Consumer understanding and use of the new nutritional label :  |b a pilot study /  |c Heaseon Kim [and others]. 
264 1 |a College Station, Tex. :  |b Agricultural and Food Policy Center, Dept. of Agricultural Economics, Texas Agricultural Experiment Station, Texas Agricultural Extension Service, Texas A&M University,  |c [1992] 
300 |a 11 leaves ;  |c 28 cm. 
336 |a text  |b txt  |2 rdacontent 
337 |a unmediated  |b n  |2 rdamedia 
338 |a volume  |b nc  |2 rdacarrier 
490 1 |a AFPC policy research report ;  |v 92-2 
504 |a Includes bibliographical references (leaves 10-11). 
650 0 |a Food  |x Labeling  |x Law and legislation  |z Texas. 
650 0 |a Food  |x Labeling  |z Texas. 
650 0 |a Labels  |x Law and legislation  |z Texas. 
650 0 |a Consumer protection  |z Texas. 
650 0 |a Consumer behavior  |z Texas. 
650 0 |a Nutrition  |x Evaluation. 
700 1 |a Kim, Heaseon. 
710 2 |a Agricultural and Food Policy Center (Tex.) 
830 0 |a AFPC policy research report ;  |v 92-2. 
999 |a MARS 
999 f f |s f37506f3-8a85-3753-b3e1-3e37ca9cfa5f  |i 5a2d999f-55a8-3b94-8f5e-4f9592df9b56  |t 0 
952 f f |p noncirc  |a Texas A&M University  |b College Station  |c Cushing Memorial Library & Archives  |d Cushing: Texas A&M (Does not check out)  |t 0  |e HF5773.L3 C66 1992  |h Library of Congress classification  |i unmediated -- volume 
952 f f |p ric  |a Texas A&M University  |b Rellis Campus  |c Joint Library Facility  |d Remote Storage  |t 0  |e HF5773.L3 C66 1992  |h Library of Congress classification  |i unmediated -- volume  |m A14817671974 
998 f f |a HF5773.L3 C66 1992  |t 0  |l Cushing: Texas A&M (Does not check out) 
998 f f |a HF5773.L3 C66 1992  |t 0  |l Remote Storage